| 000 | 00501nam a22001337a 4500 | ||
|---|---|---|---|
| 008 | 140113b xxu||||| |||| 00| 0 eng d | ||
| 050 | _aD786.B695 | ||
| 100 |
_aGreat Britain. War Office _96540 |
||
| 245 |
_aBomber command _bThe Air Ministry account of Bomber Command's offensive against the Axis September, 1939 - July, 1941 |
||
| 260 |
_aLondon _bHis Majesty's Stationery Office _c1942 |
||
| 300 |
_a127p. _c23cm |
||
| 650 |
_aGreat Britain. Royal Air Force - Bombers _96541 |
||
| 942 |
_2lcc _cMONOGRAPH |
||
| 999 |
_c119528 _d119528 |
||